| Record ID | ia:youngelizabethgr0000save |
| Source | Internet Archive |
| Download MARC XML | https://archive.org/download/youngelizabethgr0000save/youngelizabethgr0000save_marc.xml |
| Download MARC binary | https://www.archive.org/download/youngelizabethgr0000save/youngelizabethgr0000save_meta.mrc |
LEADER: 02229cam 2200565 i 4500
001 ocm16294693
003 OCoLC
005 20210506192135.0
008 760131r19751954enk j 000 1 eng
040 $aUKM$beng$cUKM$dOCLCF$dNLE$dOCLCQ$dOCLCO$dORU$dOCLCO$dOCL$dUKMGB
015 $aGB7603576$2bnb
016 7 $a008763119$2Uk
019 $a877560661
020 $a0718821939$q(pbk.)
020 $a9780718821937$q(pbk.)
035 $a(OCoLC)16294693$z(OCoLC)877560661
050 4 $aPR6037.A8917$bY68 1975
082 04 $a823/.9/1$218
100 1 $aSavery, Constance.
245 10 $aYoung Elizabeth Green /$cConstance Savery.
260 $aGuildford :$bLutterworth Press,$c1975.
300 $a128 pages ;$c19 cm.
336 $atext$btxt$2rdacontent
337 $aunmediated$bn$2rdamedia
338 $avolume$bnc$2rdacarrier
385 $aChildren$2lcdgt
490 1 $aGateway paperbacks
500 $aOriginally published: 1954.
500 $aPaperback edition; does not include illustrations of original edition.
500 $a"Cover design by Alan Roe."--Page 4 of cover.
520 $a"Set against the background of Regency England, this story shows a gentle girl struggling to live up to her principles and to instil her own faith, her own tranquillity of mind, into a pair of delightful scapegrace cousins."--Page 4 of cover.
650 0 $aGirls$xConduct of life$vJuvenile fiction.
650 0 $aOrphans$vJuvenile fiction.
650 0 $aChildren's stories.
650 0 $aChristian fiction.
650 7 $aChildren's stories.$2fast$0(OCoLC)fst00856632
650 7 $aChristian fiction.$2fast$0(OCoLC)fst00859135
650 7 $aGirls$xConduct of life.$2fast$0(OCoLC)fst00942873
650 7 $aOrphans.$2fast$0(OCoLC)fst01048433
653 $aChildren's stories in English, 1900- Texts
655 7 $aFiction.$2fast$0(OCoLC)fst01423787
655 7 $aJuvenile works.$2fast$0(OCoLC)fst01411637
655 7 $aReligious fiction.$2fast$0(OCoLC)fst01726718
655 7 $aReligious fiction.$2lcgft
710 2 $aLutterworth Press.
830 0 $aGateway paperbacks.
029 1 $aAU@$b000027293148
029 1 $aUKMGB$b008763119
994 $aZ0$bP4A
948 $hNO HOLDINGS IN P4A - 7 OTHER HOLDINGS